| 000 | 00813nam a22001937a 4500 | ||
|---|---|---|---|
| 999 |
_c18836 _d18836 |
||
| 003 | AR-CdUCM | ||
| 008 | 190515b ||||| |||| 00| 0 spa d | ||
| 040 |
_aMUNICIPALIDAD PROVINCIAL DEL CUSCO _cBIBLIOTECA MUNICIPAL DEL CUSCO |
||
| 082 |
_a985.612 / _bH22 |
||
| 100 |
_aHarvey Valencia, Armando. _913164 |
||
| 245 |
_aCoricancha : _bEl gran templo del Sol / |
||
| 260 |
_aCusco : _bUniversitaria, _c1994. |
||
| 300 |
_a253 páginas ; _c22 cm. |
||
| 505 | _aContenido : Entre el mito y la leyenda -- La edad de oro del Tawantinsuyo -- Los aposentos reales -- Coricancha panteón de dioses -- Las riquezas del Coricancha y su destrucción -- Otras casas del sol -- Miscelánea ... | ||
| 650 |
_aCoricancha. _939687 |
||
| 650 |
_aCusco arqueológico. _939688 |
||
| 942 |
_2ddc _cLIBROS |
||
| 945 |
_arum _d2019-05-15 |
||